| 000 | 00830cam a2200205 a 4500 | ||
|---|---|---|---|
| 001 | 000001117 | ||
| 005 | 20200929145459.0 | ||
| 008 | 790728s1969 ve f010 0 spa | ||
| 040 |
_aDO-SdBNP _bspa _cBNPHU _dC |
||
| 082 |
_a348.022 _bU588i |
||
| 110 | 1 |
_aRepública de Venezuela _bMinisterio de Justicia _93832 |
|
| 245 | 1 | 0 |
_aÍndice de legislación vigente : _b(hasta el 31-12-1968) / _cprólogo, José S. Núñez Aristimuño. |
| 260 |
_aCaracas, Venezuela : _bUniversidad Central de Venezuela, _c1969. |
||
| 300 |
_a1141 p. ; _c23 cm. |
||
| 650 | 4 |
_aLegislación _zVenezuela _93833 |
|
| 650 | 4 |
_aVenezuela _xDerecho constitucional _93834 |
|
| 710 | 1 |
_aVenezuela. _bMinistério de Justicia _93835 |
|
| 710 | 2 |
_aUniversidad Central de Venezuela. _bInstituto de Derecho Privado. _93836 |
|
| 700 | 1 |
_aNuñez Aristimuño, José _epról. _93837 |
|
| 999 |
_c1075 _d1075 |
||